Lời ca tang lễ dòng họ Sa Dân tộc Thái vùng Mộc Châu Bắc Yên, tỉnh Sơn La

Tìm hiểu một vài đặc điểm của người Thái vùng Mộc Châu, Sơn La. Nguồn gốc dòng họ Sa và các thủ tục nghi lễ trong đám tang, lời ca đưa tang của dòng họ

Zapisane w:
Opis bibliograficzny
1. autor: Lò Vũ Vân
Format: Książka
Język:Vietnamese
Wydane: H. Lao động 2011
Hasła przedmiotowe:
Etykiety: Dodaj etykietę
Nie ma etykietki, Dołącz pierwszą etykiete!
Thư viện lưu trữ: Mạng thư viện Đại học Đà Nẵng
LEADER 01467aam a22003738a 4500
001 000015853
003 12237
005 20120605150601.0
008 120605s2011 viesd
020 |d 2000b 
041 0 |a vie 
082 1 4 |2 14  |a 393.0959718  |b LO-V 
100 1 |a Lò Vũ Vân 
245 1 0 |a Lời ca tang lễ dòng họ Sa  |b Dân tộc Thái vùng Mộc Châu Bắc Yên, tỉnh Sơn La  |c Lò Vũ Vân 
260 |a H.  |b Lao động  |c 2011 
300 |a 202tr.  |c 21cm 
500 |a ĐTTS ghi: Hội Văn nghệ dân gian Việt Nam 
520 |a Tìm hiểu một vài đặc điểm của người Thái vùng Mộc Châu, Sơn La. Nguồn gốc dòng họ Sa và các thủ tục nghi lễ trong đám tang, lời ca đưa tang của dòng họ 
650 7 |2 Bộ TK TVQG  |a Văn hoá dân gian 
650 7 |2 Bộ TK TVQG  |a Tang lễ 
650 7 |2 Bộ TK TVQG  |a Phong tục 
650 7 |2 Bộ TK TVQG  |a Dân tộc Thái 
651 4 |a Bắc Yên 
651 7 |2 Bộ TK TVQG  |a Sơn La 
OWN |a LSP 
AVA |a UDN50  |b LSP  |d 393.0959718 LO-V  |e available  |t Error 5001 Not defined in file expand_doc_bib_avail.  |f 1  |g 0  |h N  |i 0  |k 1 
999 |a From the UDN01 
AVA |a UDN50  |b LSP  |d 393.0959718 LO-V  |e available  |t Error 5001 Not defined in file expand_doc_bib_avail.  |f 1  |g 0  |h N  |i 0  |k 1 
TYP |a Monograph 
TYP |a Printed language 
980 |a Mạng thư viện Đại học Đà Nẵng